Quiz o województwie dolnośląskim - Statystyki

Ogólne statystyki
  • Ten quiz został rozwiązany 156 razy
    45 od ostatniego zresetowania
  • Średni wynik to 11 z 18
Statystyki odpowiedzi
Wskazówka Odpowiedź % Poprawnych
Siedziba rządów Wrocław
95%
Państwa graniczące Czechy
92%
Państwa graniczące Niemcy
92%
Najdłuższa rzeka Odra
92%
Województwa graniczące opolskie
90%
Województwa graniczące lubuskie
87%
Województwa graniczące wielkopolskie
87%
Drugie najbardziej zaludnione miasto Wałbrzych
85%
"Schweidnitz" to dawna, niemiecka nazwa tego miasta Świdnica
77%
Najbardziej ruchliwa droga przebiegająca przez województwo dolnośląskie A4
69%
Najwyższe wzniesienie Śnieżka
69%
Liczba powiatów 26
54%
Mistrz Polski w roku 1997 i 2007 w piłce nożnej mężczyzn Zagłębie Lubin
38%
Najbardziej na wschód wysunięty powiat Powiat {oleśnicki}
36%
Najmniejszy powiat pod względem powierzchni (nie wliczając miast na prawach powiatu) Powiat {kamiennogórski}
15%
Region, z którym województwo dolnośląskie podpisało współprace w 21.07.2006 (wskazówka: leży w Hiszpanii) Kraj Basków
13%
Wojewoda Maciej Awiżeń
3%
Najniższy punkt (podaj miasto/wieś) Dobrzejowice
0%
Nie znaleziono quizów pasujących do podanych kryteriów
Rozkład punktacji
Procent ludzi z każdym wynikiem
Percentyl według liczby udzielonych odpowiedzi
Twoja historia wyników
Nie rozwiązałeś tego quizu od ostatniego zresetowania